Acerca de la materia medicinal y de los venenos mortíferos (Record no. 15196)

MARC details
000 -LEADER
campo de control de longitud fija 01347nam a2200313 i 4500
001 - NÚMERO DE CONTROL
campo de control 15196
003 - IDENTIFICADOR DE NÚMERO DE CONTROL
campo de control ES-MaACL
005 - FECHA Y HORA DE LA ÚLTIMA TRANSACCIÓN
campo de control 20230921105136.0
007 - CAMPO FIJO DE DESCRIPCIÓN FÍSICA--INFORMACIÓN GENERAL
campo de control de longitud fija t|
008 - DATOS DE LONGITUD FIJA--INFORMACIÓN GENERAL
campo de control de longitud fija 000117s1999 sp ||||1| spa d
020 ## - NÚMERO INTERNACIONAL ESTÁNDAR DEL LIBRO
Número Internacional Estándar del Libro 84-89796-39-4
080 ## - NÚMERO DE LA CLASIFICACIÓN DECIMAL UNIVERSAL
Número de la Clasificación Decimal Universal 615.07(035.3)"00"
100 1# - ENTRADA PRINCIPAL--NOMBRE DE PERSONA
Nombre de persona Dioscórides.
9 (RLIN) 44863
245 10 - MENCIÓN DEL TÍTULO
Título Acerca de la materia medicinal y de los venenos mortíferos
Resto del título : edición de 1566 /
Mención de responsabilidad, etc. Pedacio Dioscórides Anazarbeo ; [traducido de lengua griega e ilustrado por] Andrés Laguna.
250 ## - MENCION DE EDICION
Mención de edición Ed. facs. de 1566
Resto de la mención de edición con estudios introductorios de Pedro Laín Entralgo ... [et al.].
260 ## - PUBLICACIÓN, DISTRIBUCIÓN, ETC.
Lugar de publicación, distribución, etc. [Madrid] :
Nombre del editor, distribuidor, etc. Fundación de Ciencias de la Salud,
Fecha de publicación, distribución, etc. [1999]
300 ## - DESCRIPCIÓN FÍSICA
Extensión 616, [194] p. :
Otras características físicas il. ;
Dimensiones 29 cm.
490 1# - MENCIÓN DE SERIE
Mención de serie Biblioteca de clásicos de la medicina y de la farmacia española
534 ## - NOTA SOBRE LA VERSIÓN ORIGINAL
Frase introductoria Reprod. facs. de la ed. de:
Publicación, distribución, etc. del original -- Salamanca : por Mathias Gast, 1566.
650 14 - PUNTO DE ACCESO ADICIONAL DE MATERIA--TÉRMINO DE MATERIA
Término de materia o nombre geográfico como elemento de entrada Materia médica-
Subdivisión de forma Obras anteriores a 1800.
9 (RLIN) 14842
655 #7 - TERMINO DE INDIZACIÓN--GENERO/FORMA
Fuente del término tgfbne
9 (RLIN) 226495
Datos o término principal de género/forma Facsímiles
700 1# - ENTRADA AGREGADA--NOMBRE PERSONAL
Nombre de persona Laguna, Andrés de.
9 (RLIN) 69617
700 1# - ENTRADA AGREGADA--NOMBRE PERSONAL
Nombre de persona Laín Entralgo, Pedro,
Fechas asociadas al nombre 1908-2001
9 (RLIN) 69681
710 2# - ENTRADA AGREGADA--NOMBRE DE ENTIDAD CORPORATIVA
Nombre de entidad corporativa o nombre de jurisdicción como elemento de entrada Fundación de Ciencias de la Salud.
9 (RLIN) 4267
830 0# - PUNTO DE ACCESO ADICIONAL DE SERIE-TÍTULO UNIFORME
Título uniforme Biblioteca de clásicos de la medicina y de la farmacia española
9 (RLIN) 226662
852 ## - LOCALIZACIÓN
Ubicación ES-MaACL
Número de control de estantería L-22375
Sublocalización o colección R.127629
itemnumber 15553
942 ## - ELEMENTOS DE ENTRADA SECUNDARIOS (KOHA)
Fuente del sistema de clasificación o colocación Clasificación decimal universal
Holdings
Estatus retirado Estado de pérdida Fuente del sistema de clasificación o colocación Estado de daño No para préstamo Biblioteca de origen Biblioteca actual Ubicación en estantería Fecha de adquisición Total de préstamos Signatura topográfica completa Código de barras Visto por última vez Precio de reemplazo Tipo de ítem Koha
    Clasificación decimal universal     Biblioteca del Ateneo de Madrid Biblioteca del Ateneo de Madrid Depósito 2 17/01/2008   L-22375 1015452 23/02/2023 23/02/2023 Libro impreso